| 000 | 00706nam a22002177a 4500 | ||
|---|---|---|---|
| 003 | OSt | ||
| 005 | 20230126151849.0 | ||
| 008 | 220916b |||||||| |||| 00| 0 eng d | ||
| 020 | _a84 482 2515 5 | ||
| 040 | _cBiblioteca Lado V | ||
| 082 |
_a730 _bF386o |
||
| 100 |
_ecurador _9654 _aFerrero Molina, Vicente |
||
| 245 |
_aOctavio Vicente/ _bEscultor/ |
||
| 260 |
_aEspaƱa _bIBERIA _c2000 |
||
| 300 |
_a198p. _c24x28cm |
||
| 650 |
_2Tesauro de Arte & Arquitectura _aESCULTURA |
||
| 650 |
_2Tesauro de Arte & Arquitectura _aARTE |
||
| 650 |
_2Tesauro de Arte & Arquitectura _aCATALOGO |
||
| 650 |
_2Tesauro de Arte & Arquitectura _aOCTAVIO VICENT |
||
| 942 |
_2ddc _c1 _h730 _iF386o _n0 |
||
| 999 |
_c2932 _d2932 |
||